Top 10 des marques préférés des Français - Statistiques

Statistiques générales
  • Ce quiz a été pris 66 fois
  • Le résultat moyen est 2 sur 10
Statistiques - réponses
Classement Marque % Correct
2 Samsung
76%
6 Lu
39%
1 BIC
20%
4 Barilla
17%
10 Lindt
15%
9 Moulinex
13%
3 Bonne maman
11%
7 La laitière
11%
8 Côte d'or
9%
5 St-Michel
9%
Aucun quiz correspondant
Distribution des résultats
% des personnes avec chaque résultat
Percentile par nombre de réponses
Votre historique - résultats
Vous n’avez pas pris ce quiz